000 00361pam a2200157a 44500
008 230515b1956 xxu||||| |||| 00| 0 eng d
020 _a0
041 _aHINDI
082 _a891.2/DES
100 _aDESAI RANJITROY
245 _aAYURVDIYA PADARTH VIDNYA
250 _a1
260 _aPUNE
_bN.D.
_c1956
300 _a288
650 _aAYURVDIYA PADARTH VIDNYA
999 _c483272
_d483272